臺灣的語言 - Statistics

General Stats
  • This quiz has been taken 13 times
  • The average score is 30 of 41
Answer Stats
人口 語言 % Correct
15,300 英語
100%
239,000 印尼語/爪哇語
100%
14,100 日語
100%
4,200 韓語
100%
15,800 馬來語
100%
149,000 他加祿語
100%
64,800 泰語
100%
194,000 越南語
100%
19,580,000 臺灣華語
100%
4,240,000 臺灣客家語
100%
108,000 阿美語
100%
4,000 鄒語
100%
13,500,000 臺灣閩南語 (含金門話)
100%
87,719 *廣東話
83%
1,803 *緬甸語
83%
2,708 *法語
83%
2,261 *西班牙語
83%
1,318 *德語
83%
501 *葡萄牙語
83%
15,000 排灣語
83%
10,000 泰雅語
83%
3,800 達悟語
83%
650 賽德克語/太魯閣語
83%
70 噶瑪蘭語
83%
527 *義大利語
67%
639 *俄語
67%
0 邵語
67%
513 *蒙古語
50%
24,000 臺灣手語
50%
12,000 *馬祖閩東語
50%
38,000 布農語
50%
2,000 魯凱語
50%
1,000 卑南語
50%
25 拉阿魯哇語
50%
4 卡那卡那富語
50%
4,592 *高棉語
33%
601 *荷蘭語
33%
669 *烏坵莆仙語
33%
2,000 藏語
17%
2,000 賽夏語
17%
590 撒奇萊雅語
17%
No matching quizzes found
Score Distribution
Percent of People with Each Score
Percentile by Number Answered
Your Score History
You have not taken this quiz